|
|
|
|
| LEADER |
01034nam a2200253 a 4500 |
| 001 |
2070253 |
| 008 |
091108s1995 nju b 001 0 eng d |
| 010 |
|
|
|a 94035289
|
| 020 |
|
|
|a 0131816780
|
| 040 |
|
|
|a DLC
|c DLC
|d DLC
|
| 082 |
0 |
0 |
|a 337
|2 20
|
| 100 |
1 |
|
|a Isaak, Robert A.
|
| 245 |
1 |
0 |
|a Managing world economic change :
|b international political economy /
|c Robert A. Isaak.
|
| 250 |
|
|
|a 2nd ed.
|
| 260 |
|
|
|a Englewood Cliffs, N.J. :
|b Prentice Hall,
|c c1995.
|
| 300 |
|
|
|a xi, 340 p. ;
|c 23 cm.
|
| 500 |
|
|
|a Rev. ed. of: International political economy. 1991.
|
| 504 |
|
|
|a Includes bibliographical references (p. 318-326) and index.
|
| 541 |
1 |
|
|e 00009697
|
| 650 |
|
0 |
|a International economic relations.
|
| 700 |
1 |
|
|a Isaak, Robert A.
|t International political economy.
|
| 852 |
4 |
|
|a Ayesha Abed Library
|j General Shelf
|
| 999 |
|
|
|c 5709
|d 5709
|
| 952 |
|
|
|0 0
|1 0
|2 ddc
|4 0
|6 337_ISA_199500000000000
|7 0
|9 5643
|a BRACUL
|b BRACUL
|c GEN
|d 2009-11-21
|g 0.00
|l 0
|o 337 ISA
|p 3010009697
|r 2009-11-21
|t 1
|w 2009-11-21
|y BK
|x No price found in the accession register.
|